000
00313nam a22001337a 4500
082
_a
894.812.3
_b
KAV/K
100
_a
KAVILPPAD
245
_a
KERALATHILE 51 NODODIKATHAKAL
250
_a
2
260
_a
THRISSUR
_b
H&C PUBLISHING HOUSE
_c
2006
300
_a
96
650
_a
MALAYALAM SHORT STORY
_z
KERALA
942
_c
BK
999
_c
1271
_d
1271